Adeem Munda Aur Unka Pradesh (Record no. 5681)

MARC details
000 -LEADER
fixed length control field 00309nam a22001217a 4500
005 - DATE AND TIME OF LATEST TRANSACTION
control field 20180217102717.0
008 - FIXED-LENGTH DATA ELEMENTS--GENERAL INFORMATION
fixed length control field 180217b xxu||||| |||| 00| 0 eng d
041 ## - LANGUAGE CODE
Language code of text/sound track or separate title eng
100 ## - MAIN ENTRY--AUTHOR NAME
Personal name Sahay,Raj
245 ## - TITLE STATEMENT
Title Adeem Munda Aur Unka Pradesh
260 ## - PUBLICATION, DISTRIBUTION, ETC. (IMPRINT)
Place of publication Jamesdepur
Name of publisher Adivasi Welfare Society
Year of publication 2017
942 ## - ADDED ENTRY ELEMENTS (KOHA)
Koha item type Books

No items available.